| 000 | 00414nam a22001697a 4500 | ||
|---|---|---|---|
| 005 | 20180704122927.0 | ||
| 008 | 160512b xxu||||| |||| 00| 0 eng d | ||
| 020 | _a978-0-07-059943-7 | ||
| 041 | _aeng | ||
| 082 |
_b1407 _a658.15 |
||
| 100 |
_aKhan, M.Y, Jain, P.K _9448 |
||
| 245 | _aBasic Financial Management | ||
| 260 |
_aNew Delhi _bTMH _c2009 |
||
| 300 | _a20.23p, | ||
| 650 |
_aManagement _9241 |
||
| 942 | _cBK | ||
| 999 |
_c603 _d603 |
||